Manual de ejercicios de dibujos de proyecciones

Bibliographic Details
Main Authors: Demidova, Svetlana, Peksheva, Irina, Torostan, Sarkis
Format: Section = Libro
Language:Undetermined
Spanish
Published: La Habana Pueblo y Educación 1987
Subjects:
LEADER 00519nam a2200193Ia 4500
008 240829s9999 xx 000 0 und d
040 |a BIBLIOTECA-RUSB/ 604.2 D379 
041 |a spa 
082 |a 604.2 D379 
100 1 |a Demidova, Svetlana  
100 1 |b  Peksheva, Irina 
100 1 |c  Torostan, Sarkis 
245 1 0 |a Manual de ejercicios de dibujos de proyecciones 
260 |a La Habana  |b Pueblo y Educación  |c 1987 
300 |a 59 p. :il. 
650 7 |a DIBUJO-PROYECCION 
942 |c BK  |2 ddc 
991 |a TEXTO 
999 |c 2619